Оказание первичной доврачебной медико-санитарной помощи при неотложных и экстремальных состояниях (Запись № 10859997)

Подробности
000 -МАРКЕР
контрольное поле 02235nam0a2200373 i 4500
001 - ИДЕНТИФИКАТОР ЗАПИСИ
контрольное поле RU\NLR\BIBL_A\011595658
005 - ИДЕНТИФИКАТОР ВЕРСИИ
контрольное поле 20260607073240.0
010 ## - МЕЖДУНАРОДНЫЙ СТАНДАРТНЫЙ НОМЕР КНИГИ (ISBN)
Номер (ISBN) 9785970444955
Тираж 1500
021 ## - НОМЕР ГОСУДАРСТВЕННОЙ РЕГИСТРАЦИИ
Код страны Российская Федерация
Номер 2017-96411
Номер Листа государственной регистраци 6932
035 ## - ДРУГИЕ СИСТЕМНЫЕ НОМЕРА
Идентификатор записи (RuMoRGB)009486082
035 ## - ДРУГИЕ СИСТЕМНЫЕ НОМЕРА
Идентификатор записи (NLR Aleph) 011595658
100 ## - ДАННЫЕ ОБЩЕЙ ОБРАБОТКИ
Данные общей обработки 20180116d2018 u y0rusy50 ca
101 0# - ЯЗЫК РЕСУРСА
Язык текста, звукозаписи и т.д. русский
102 ## - СТРАНА ПУБЛИКАЦИИ ИЛИ ПРОИЗВОДСТВА
Страна публикации Российская Федерация
105 ## - ПОЛЕ КОДИРОВАННЫХ ДАННЫХ: ТЕКСТОВЫЕ МАТЕРИАЛЫ, МОНОГРАФИЧЕСКИЕ
Кодированные данные о монографическом текстовом документе a|||j|||000zy
200 1# - ЗАГЛАВИЕ И СВЕДЕНИЯ ОБ ОТВЕТСТВЕННОСТИ
Основное заглавие Оказание первичной доврачебной медико-санитарной помощи при неотложных и экстремальных состояниях
Сведения, относящиеся к заглавию учебник для медицинских колледжей и училищ
Первые сведения об ответственности И.П. Левчук, С.Л. Соков, А.В. Курочка, А.П. Назаров
210 ## - ПУБЛИКАЦИЯ, РАСПРОСТРАНЕНИЕ И ДР.
Место издания, распространения и т.д. Москва
Имя издателя, распространителя и т. д. ГЭОТАР-Медиа
Дата издания, распространения и т.д. 2018 [т.е. 2017]
215 ## - ФИЗИЧЕСКАЯ ХАРАКТЕРИСТИКА
Специфическое обозначение материала и объем 282 с.
Другие сведения о физической характеристике ил., табл.
Размеры 22
300 ## - ОБЩИЕ ПРИМЕЧАНИЯ
Текст примечания На обороте тит. л. авт.: И.П. Левчук, к.м.н., проф., С.Л. Соков, д.м.н., проф., А.В. Курочка, А.П. Назаров, кандидаты мед. наук, доценты
300 ## - ОБЩИЕ ПРИМЕЧАНИЯ
Текст примечания Кн. фактически изд. в 2017 г.
320 ## - ПРИМЕЧАНИЯ О НАЛИЧИИ В ДОКУМЕНТЕ БИБЛИОГРАФИИ / УКАЗАТЕЛЯ
Текст примечания Библиогр.: с. 282
606 1# - НАИМЕНОВАНИЕ ТЕМЫ КАК ПРЕДМЕТ
Наименование темы Чрезвычайные ситуации
Формальный подзаголовок Учебники для среднего профессионального образования
Тематический подзаголовок Медико-санитарное обслуживание населения
Географический подзаголовок Российская Федерация
Системный номер авторитетной/нормативной записи 2403326
Идентификатор авторитетной/нормативной записи RU\NLR\AUTH\661432447
686 ## - ИНДЕКСЫ ДРУГИХ КЛАССИФИКАЦИЙ
Индекс Р35,31я723-1
Код системы
686 1# - ИНДЕКСЫ ДРУГИХ КЛАССИФИКАЦИЙ
Индекс Р11(2)23я72-1
686 1# - ИНДЕКСЫ ДРУГИХ КЛАССИФИКАЦИЙ
Индекс Р35,31я72-1
701 #1 - ИМЯ ЛИЦА - АЛЬТЕРНАТИВНАЯ ОТВЕТСТВЕННОСТЬ
Графика поля Кириллица
Материалы, к которым относится поле rus
Начальный элемент ввода Левчук
Часть имени, кроме начального элемента ввода И. П.
Расширение инициалов личного имени Игорь Петрович
Системный номер авторитетной/нормативной записи 176718
Идентификатор авторитетной/нормативной записи RU\NLR\AUTH\770176769
701 #1 - ИМЯ ЛИЦА - АЛЬТЕРНАТИВНАЯ ОТВЕТСТВЕННОСТЬ
Графика поля Кириллица
Материалы, к которым относится поле rus
Начальный элемент ввода Соков
Часть имени, кроме начального элемента ввода С. Л.
Даты 1957-
Расширение инициалов личного имени Сергей Леонидович
Системный номер авторитетной/нормативной записи 112096
Идентификатор авторитетной/нормативной записи RU\NLR\AUTH\772079
701 #1 - ИМЯ ЛИЦА - АЛЬТЕРНАТИВНАЯ ОТВЕТСТВЕННОСТЬ
Начальный элемент ввода Курочка
Часть имени, кроме начального элемента ввода А. В.
Расширение инициалов личного имени Андрей Владимирович
701 #1 - ИМЯ ЛИЦА - АЛЬТЕРНАТИВНАЯ ОТВЕТСТВЕННОСТЬ
Графика поля Кириллица
Материалы, к которым относится поле rus
Начальный элемент ввода Назаров
Часть имени, кроме начального элемента ввода А. П.
Дополнения к именам, кроме дат канд. мед. наук
Расширение инициалов личного имени Александр Петрович
Идентификатор авторитетной/нормативной записи RU\NLR\AUTH\770153867
Системный номер авторитетной/нормативной записи 153829
942 ## - ДОПОЛНИТЕЛЬНЫЕ ЭЛЕМЕНТЫ ЗАПИСИ (АБИС)
Тип экземпляра АБИС Книга
980 ## - КОЛЛЕКЦИЯ
Название коллекции НБР

Нет доступных экземпляров.